О деформации состава осадков путем их селекции, интеграции и дифференциации: (посвящается памяти В. П. Батурина); [оттиск статьи]

Xehetasun bibliografikoak
Egile nagusia: Попов В. И.
Hizkuntza:errusiera
uzbekera
Argitaratua: Ташкент, Издательство Академии наук УзССР, 1948
Saila:Известия Академии наук УзССР № 2
Gaiak:
Formatua: Liburua
KOHA link:https://koha.lib.tpu.ru/cgi-bin/koha/opac-detail.pl?biblionumber=352741

MARC

LEADER 00000nam0a2200000 4500
001 352741
005 20231102010528.0
035 |a (RuTPU)RU\TPU\retro\9507 
090 |a 352741 
100 |a 20200204d1948 k y0rusy50 ca 
101 0 |a rus  |a uzb 
102 |a UZ 
105 |a y z 001zy 
200 1 |a О деформации состава осадков путем их селекции, интеграции и дифференциации  |e (посвящается памяти В. П. Батурина)  |e [оттиск статьи]  |f В. И. Попов 
210 |a Ташкент  |c Издательство Академии наук УзССР  |d 1948 
215 |a 7 с. 
225 1 |a Известия Академии наук УзССР  |v № 2 
316 |5 63413507: ШкА/668  |a На с. 1 дарственная надпись: "В библиотеку Томского Политехнического Ин-та. автор" 
320 |a Библиогр.: с. 6-7 
606 1 |a Осадки  |x Химический состав  |2 stltpush  |3 (RuTPU)RU\TPU\subj\47517  |9 66444 
610 1 |a коллекция ТПУ 
610 1 |a оттиски 
610 1 |a дарственные надписи 
610 1 |a дары автора 
610 1 |a дары библиотеке 
610 1 |a гипергенез 
610 1 |a транспортировка 
610 1 |a подвижность 
610 1 |a отбор 
610 1 |a взаимодействия 
675 |a 551.577  |v 4 
700 1 |a Попов  |b В. И. 
801 1 |a RU  |b 63413507  |c 20200204 
801 2 |a RU  |b 63413507  |c 20200204  |g RCR 
942 |c BK